| 000 -LEADER |
| fixed length control field |
00352nam a2200121 4500 |
| 003 - CONTROL NUMBER IDENTIFIER |
| control field |
OSt |
| 005 - DATE AND TIME OF LATEST TRANSACTION |
| control field |
20230726132518.0 |
| 008 - FIXED-LENGTH DATA ELEMENTS--GENERAL INFORMATION |
| fixed length control field |
230726b ||||| |||| 00| 0 eng d |
| 245 ## - TITLE STATEMENT |
| Title |
Seminar or a perspective 2050 on architectural and town planning practice and education |
| 260 ## - PUBLICATION, DISTRIBUTION, ETC. (IMPRINT) |
| Name of publisher, distributor, etc |
School of planning and architecture |
| 300 ## - PHYSICAL DESCRIPTION |
| Extent |
157p; |
| 942 ## - ADDED ENTRY ELEMENTS (KOHA) |
| Source of classification or shelving scheme |
|